000 00277pam a2200109a 44500
008 230405s2011 xxu||||| |||| 00| 0 eng d
041 _aENG
100 _aDr nair & Ms Bhutani
245 _aOriganizational Behaviour
260 _a
_bAbhishek Publications
_c2011
906 _a16890
999 _c307389
_d307389